Hauptstädte, die mit W Beginnen - Statistiken

Allgemein
  • Dieses Quiz wurde 171 mal gespielt
  • Das Durchschnittsergebnis liegt bei 4 aus 5
Antwortstatistiken
Kontinent Hauptstadt % Korrekt
Europa Warschau
98%
Nordamerika Washington D.C.
92%
Ozeanien Wellington
89%
Europa Wien
87%
Afrika Windhoek
57%
Keine übereinstimmenden Quizze gefunden
Verteilung der Resultate
Anzahl Personen mit jedem Resultat
Perzentil nach korrekt beantworteten Fragen
Ihre Resultats-Entwicklung
Sie haben dieses Quiz noch nicht gespielt